000 00676nam a2200241Ia 4500
003 OSt
005 20220928113642.0
006 a|||||r|||| 00| 0
007 ta
008 220927b |||||||| |||| 00| 0 eng d
024 _a70578
037 _cTextual
040 _aSDCL
_cSDCL
_beng
041 _2eng
_aeng
082 _aV2y7K18, P6
100 _aBhatia M L
_9434271
245 0 _aUlama Islamic ethics and courts under the mughals
_b Aurangzeb revisited
260 _aNew Delhi
_bManak Publications
_c2006
300 _avii,255p
_ccm.
650 _aAurangzeb
_9434272
942 _hV2y7K18, P6
_cTEXL
_2CC
999 _c750624
_d750624